Cases on private international law / (Record no. 3621)
[ view plain ]
| 000 -LEADER | |
|---|---|
| fixed length control field | 00734nam a22002531a 4500 |
| 001 - CONTROL NUMBER | |
| control field | 3621 |
| 003 - CONTROL NUMBER IDENTIFIER | |
| rucl marc code | BD-RjUL |
| 005 - DATE AND TIME OF LATEST TRANSACTION | |
| control field | 20211208233747.0 |
| 008 - FIXED-LENGTH DATA ELEMENTS--GENERAL INFORMATION | |
| fixed length control field | 131219s1968 enk b 000 0 eng |
| 020 ## - INTERNATIONAL STANDARD BOOK NUMBER | |
| International Standard Book Number | 0198251823 |
| 035 ## - SYSTEM CONTROL NUMBER | |
| System control number | (BD-RjUL)3655 |
| 040 ## - CATALOGING SOURCE | |
| Original cataloging agency | LC |
| Language of cataloging | eng |
| Transcribing agency | LC |
| Modifying agency | VMOU |
| -- | BD-RjUL |
| 041 ## - LANGUAGE CODE | |
| Language code of text/sound track or separate title | eng |
| 082 04 - DEWEY DECIMAL CLASSIFICATION NUMBER | |
| Classification number | 341.59 |
| Author mark and year | MOC 1968 |
| 100 1# - MAIN ENTRY--PERSONAL NAME | |
| Personal name | Morris, J. H. C. |
| Fuller form of name | (John Humphrey Carlile), |
| Dates associated with a name | 1910-1984. |
| 9 (RLIN) | 11468 |
| 245 10 - TITLE STATEMENT | |
| Title | Cases on private international law / |
| Statement of responsibility, etc. | by J. H. C. Morris. |
| 250 ## - EDITION STATEMENT | |
| Edition statement | 4th ed. |
| 260 ## - PUBLICATION, DISTRIBUTION, ETC. (IMPRINT) | |
| Place of publication, distribution, etc. | Oxford : |
| Name of publisher, distributor, etc. | Clarendon P., |
| Date of publication, distribution, etc. | c1968. |
| 300 ## - PHYSICAL DESCRIPTION | |
| Pagination | xxxii, 531 p. ; |
| Size | 23 cm. |
| 504 ## - BIBLIOGRAPHY, ETC. NOTE | |
| Bibliography, etc | Bibliography: p. xxxii. |
| 650 #0 - SUBJECT ADDED ENTRY--TOPICAL TERM | |
| Topical term or geographic name as entry element | Conflict of laws |
| Geographic subdivision | Great Britain |
| General subdivision | Cases. |
| 9 (RLIN) | 11469 |
| 942 ## - ADDED ENTRY ELEMENTS (KOHA) | |
| Source of classification or shelving scheme | Dewey Decimal Classification |
| Koha item type | Books |
| Lost status | Source of classification or shelving scheme | Damaged status | Not for loan | Collection code | Permanent Location | Current Location | Shelving location | Date acquired | Source of acquisition | Cost, normal purchase price | Total Checkouts | Full call number | Date last seen | Copy number | Koha item type |
|---|---|---|---|---|---|---|---|---|---|---|---|---|---|---|---|
| Dewey Decimal Classification | Non-fiction | Central Library, University of Rajshahi | Central Library, University of Rajshahi | 06/01/1975 | Johnathan Wron & com. | 35.00 | 341.59 MOC 1968 | 19/12/2013 | C-5 | Books |